=LDR 00000nam 2200000 4500 =001 NUTBA000000000004960 =005 20141015091208.0 =006 =007 =008 =020 ##$$a 978-979-2441-19-2 =035 ##$$a 0010-101400000000190 =040 ##$$a NBPDMAT =090 ##$$a 720.105 $b Ars a =245 ##$$a Arsitektur : $b Rumah ramah lingkungan/ $c Penyunting, Bachtiar DM, Ulfah Hidayati, Ahmad I. Mutaqqin =260 ##$$a Jakarta : $b Citra Unggul Laksana, $c 2010 =300 ##$$a 52 hlm. : $b ilus. ; $c 20 cm. =500 ##$$a Bibilografi : hlm. 50 =650 ##$$a Arsitektur =700 ##$$a Bachtiar DM, Ulfah Hidayati, Ahmad I. Mutaqqin =850 ##$$a NBPDMAT